[Event "FRA-ch Blitz Online Qual"]
[Site "Europe Echecs INT"]
[Date "2020.05.16"]
[Round "7"]
[White "Degraeve, Remy"]
[Black "Edouard, Romain"]
[Result "1-0"]
[WhiteElo "2328"]
[BlackElo "2649"]
[PlyCount "103"]
[EventDate "2020.05.16"]
[EventType "swiss (blitz)"]
[EventRounds "15"]
[EventCountry "FRA"]
[SourceTitle "CBM 196 Extra"]
[Source "ChessBase"]
[SourceDate "2020.07.31"]
[SourceVersion "1"]
[SourceVersionDate "2020.07.31"]
[SourceQuality "1"]

1. d4 e5 2. dxe5 Nc6 3. Nf3 Bc5 4. Nc3 f6 5. Bf4 fxe5 6. Nxe5 Nxe5 7. Bxe5 Nf6 8. e3 d6 9. Bd4 Bb4 10. Bc4 c5 11. Bxf6 Qxf6 12. 0-0 Bxc3 13. bxc3 Bd7 14. Rb1 b6 15. Qd5 Ke7 16. Rbd1 Rhc8 17. Qe4+ Kf8 18. Qxh7 Bc6 19. Bd5 Ke7 20. Bxc6 Rxc6 21. Qe4+ Kd7 22. Rd3 Rh8 23. Rfd1 Rh4 24. f4 g5 25. g3 Rh6 26. Qe5 g4 27. Qxf6 Rxf6 28. e4 Kc8 29. Kf2 Re6 30. Ke3 b5 31. f5 Rh6 32. R3d2 Ra6 33. Kf4 Kc7 34. Kg5 Rh8 35. f6 Ra4 36. Rxd6 Rxe4 37. Rd7+ Kc8 38. Rxa7 Kb8 39. Rdd7 Rg8+ 40. Kf5 Re2 41. f7 Rf2+ 42. Ke4 Rg6 43. Rab7+ Kc8 44. Rbc7+ Kb8 45. Rxc5 Re6+ 46. Kd3 Ref6 47. Rxb5+ Ka8 48. Re5 Rb6 49. Re8+ Rb8 50. Rxb8+ Kxb8 51. Rd8+ Ka7 52. f8Q 1-0